| 000 | 00000nam 2200000zi 4500 |
| 001 | 9.920905 |
| 003 | CaOODSP |
| 005 | 20240708163128 |
| 006 | m o d f |
| 007 | cr mn||||||||| |
| 008 | 230314e202305 onc o f000 0 fre d |
| 020 | |a9780660480176 |
| 040 | |aCaOODSP|bfre|erda|cCaOODSP |
| 043 | |an-cn--- |
| 045 | |ay2y2 |
| 086 | 1 |aHP40-251/3-2022F-PDF |
| 245 | 00|a2020-2022 rapport d'étape : |bplan d'action quinquennal du gouvernement du Canada sur les infections transmises sexuellement et par le sang. |
| 264 | 1|aOttawa (Ontario) : |bGouvernement du Canada = Government of Canada, |cmai 2023. |
| 264 | 4|c©2023 |
| 300 | |a1 ressource en ligne (ii, 20 pages) |
| 336 | |atexte|btxt|2rdacontent/fre |
| 337 | |ainformatique|bc|2rdamedia/fre |
| 338 | |aressource en ligne|bcr|2rdacarrier/fre |
| 500 | |aPublié aussi en anglais sous le titre : 2020-2022 progress report : Government of Canada five-year action plan on sexually transmitted and blood-borne infections. |
| 500 | |a« Pub. : 220819 » -- Verso de la couverture. |
| 650 | 6|aInfections transmissibles sexuellement|xPolitique gouvernementale|zCanada. |
| 650 | 6|aInfections à diffusion hématogène|xPolitique gouvernementale|zCanada. |
| 710 | 2 |aAgence de santé publique du Canada, |eorganisme de publication. |
| 775 | 08|t2020-2022 progress report : |w(CaOODSP)9.920904 |
| 794 | |tRapport d'étape 2022-2023 : |w(CaOODSP)9.940278 |
| 795 | |tRapport d'étape 2019-2020 : |w(CaOODSP)9.904420 |
| 856 | 40|qPDF|s1.40 Mo|uhttps://publications.gc.ca/collections/collection_2023/aspc-phac/HP40-251-3-2022-fra.pdf |
| 856 | 4 |qHTML|sS.O.|uhttps://www.canada.ca/fr/sante-publique/services/publications/maladies-et-affections/rapport-etape-2020-2022-plan-action-infections-transmissibles-sexuellement-sang.html |
| 986 | |a220819 |